| 000 | 00792nam a2200253Ia 4500 | ||
|---|---|---|---|
| 008 | 191130s2000##################000#0#eng## | ||
| 020 | _a9781840643206 | ||
| 022 | _a61020 | ||
| 040 |
_aACL _cACL |
||
| 082 | _a338.60480973 SCH | ||
| 100 | _aScherer, F. M | ||
| 245 |
_aCompetition policy, domestic and international _cF.M. Scherer |
||
| 260 |
_aAldershot, Hants ; Brookfield, Vt _bE. Elgar Pub _cc2000 |
||
| 300 | _aviii, 445 p. : ill. ; 24 cm | ||
| 500 | _aIncludes bibliographical references and index | ||
| 650 | _aAntitrust law | ||
| 650 | _aCompetition - United States | ||
| 650 | _aCompetition, International | ||
| 650 | _aEconomics | ||
| 650 | _aUnited States - Commercial policy | ||
| 990 | _aa9585c7dac10000c4d5894351f01bd20 | ||
| 991 | _a218793 | ||
| 999 |
_c134779 _d134779 |
||